00327cam a22001097a 4500008004000000082001500040100002500055245002000080260007400100300001100174440003200185180718b1991 xxu||||| |||| 00| 0 eng d aA81x54 91T aCensus of India 1991 aTabulation plan aNew DelhibThe Registrar General and Census Commissioner, Indiac1991 a262+p. aCensus of India 1991. India